000 00440nam a22001457a 4500
999 _c13124
_d13124
008 190207b ||||| |||| 00| 0 eng d
020 _a9715421237
082 _21997
_aDFil 899.21113
_bG58
100 _aGonzalez, N.V.M.
_920228
245 _aA day for cardiff/
_cN. V. M. Gonzalez.
260 _aManila:
_bUP Press,
_c©1997
300 _axiii, page 143-150;
_c23 cm,.
650 _aPhilippines -- Short stories.
_920229
942 _2ddc
_cDFIL